| 000 | 00813nam a22002177a 4500 | ||
|---|---|---|---|
| 999 |
_c15625 _d15625 |
||
| 003 | AR-CdUCM | ||
| 008 | 190429b ||||| |||| 00| 0 spa d | ||
| 040 |
_aMUNICIPALIDAD PROVINCIAL DEL CUSCO _cBIBLIOTECA MUNICIPAL DEL CUSCO |
||
| 082 |
_a657 / _bR81 / 1960 |
||
| 100 |
_aRomero Cotillo, Priscilo _934748 |
||
| 245 |
_aContabilidad sindical : _bCurso regular de educación obrera / |
||
| 260 |
_aLima : _bEscuela Sindical Autónoma de Lima, _c[1960]. |
||
| 300 |
_a63 páginas ; _c22 cm. |
||
| 440 |
_aLecturas para trabajadores _n4 _934749 |
||
| 505 | _aContenido : Leyenda del diagrama de control contable -- La documentación -- Los libros de contabilidad ... | ||
| 650 |
_aContabilidad _910543 |
||
| 650 |
_aLibros _91857 |
||
| 650 |
_aModelos _98476 |
||
| 942 |
_2ddc _cLIBROS |
||
| 945 |
_arah _d29/04/2019 |
||